Fr. Conceicao Rodrigues College of Engineering

Yes you can (Record no. 25673)

MARC details
000 -LEADER
fixed length control field 00299nam a2200157Ia 4500
082 ## - DEWEY DECIMAL CLASSIFICATION NUMBER
Classification number 371.4
Item number DEP
100 ## - MAIN ENTRY--PERSONAL NAME
Personal name Deep/Sen
245 ## - TITLE STATEMENT
Title Yes you can
260 ## - PUBLICATION, DISTRIBUTION, ETC.
Name of publisher, distributor, etc. Magna Publishers
Date of publication, distribution, etc. 2003
366 ## - TRADE AVAILABILITY INFORMATION
Publishers's discount category 20
300 ## - PHYSICAL DESCRIPTION
Extent 263
546 ## - LANGUAGE NOTE
Language note ENGLISH
650 ## - SUBJECT ADDED ENTRY--TOPICAL TERM
Topical term or geographic name entry element General
942 ## - ADDED ENTRY ELEMENTS (KOHA)
Koha item type BOOK
Holdings
Withdrawn status Lost status Damaged status Not for loan Collection Home library Current library Date acquired Source of acquisition Cost, normal purchase price Inventory number Total Checkouts Full call number Barcode Date last seen Cost, replacement price Price effective from Koha item type
        CRC Fr. Agnel's C.Rodrigues College of Engineering Fr. Agnel's C.Rodrigues College of Engineering 17/03/2023 Dharma Enterprises 112.00 2973 dt 16/11/2009   371.4 DEP 20190 17/03/2023 140.00   BOOK